000 01341nam a2200445 i 4500
001 49694
003 KOSZ 005
005 20220120082212.0
008 100517s2010 pl |000 0 pol
015 _aUWD 2010/12764
020 _a9788393026098
035 _a991001225839705066
035 _a(PL-WaBN)b25030942-48omnis_nlop
035 _ab25030942
035 _a(OCoLC)751460360
035 _a(PL)b0000002503094
035 _a(EXLNZ-48OMNIS_NETWORK)9910301814005606
040 _aWA N
_cWA N
_dKOSZ 005/HR
046 _k2010
080 _a336.722.8
080 _a336.767
100 1 _aJawdosiuk, Barbara
_eAutor
245 1 0 _aABC inwestowania w fundusze inwestycyjne /
_cBarbara Jawdosiuk, Krzysztof Rożko.
250 _aWyd. 3. uaktualnione.
260 _aWarszawa :
_bKomisja Nadzoru Finansowego,
_c2010.
300 _a48 s. ;
_c21 cm.
336 _aTekst
_btxt
_2rdacontent
337 _aBez urządzenia pośredniczącego
_bn
_2rdamedia
338 _aWolumin
_bnc
_2rdacarrier
380 _aKsiążki
388 _a2001-
490 1 _aPoradnik Inwestora
650 7 _aFundusz inwestycyjny
_2DBN
651 7 _aPolska
655 7 _aPoradnik
_2DBN
700 1 _aRożko, Krzysztof
_eAutor
830 0 _aPoradnik Inwestora
942 _2UKD
_cKS
999 _c49694
_d49694